000 00500nam a2200205Ia 4500
005 20240823052036.0
008 240823s9999||||xx |||||||||||||| ||und||
020 _a978-81-239-2349-9
041 _aENGLISH
082 _A363.72 P6
100 _aAmbasht R S
245 0 _aEnvironment and Pollution
250 _a5th
260 _c2006
_b"CBS Publishers & Distributors,New "
500 _aYES
650 _aEnvironment
_bMechanical
700 _a Ambasht P K
942 _cBK
999 _c220949
_d220949